[Event "EIRCC 2019"]
[Site "Tallinn"]
[Date "2019.12.05"]
[Round "3.31"]
[White "Cerveny, Martin"]
[Black "Sysolyatin, Evgeny"]
[Result "0-1"]
[WhiteElo "2432"]
[BlackElo "2231"]
[Annotator "NA"]
[PlyCount "106"]
[EventDate "2019.12.05"]
[EventType "swiss"]
[EventCountry "EST"]
[SourceTitle "playchess.com"]
[Source "ChessBase"]
[SourceQuality "1"]
[TimeControl "900+10"]

1. d4 {[%emt 0:00:00]} d5 {[%emt 0:00:00]} 2. c4 {[%emt 0:00:00]} e6 {[%emt 0:00:00]} 3. Nc3 {[%emt 0:00:00]} Nf6 {[%emt 0:00:00]} 4. cxd5 {[%emt 0:00:02]} exd5 {[%emt 0:00:10]} 5. Bg5 {[%emt 0:00:02]} Nbd7 {[%emt 0:00:05]} 6. e3 {[%emt 0:00:12]} Be7 {[%emt 0:00:09]} 7. Bd3 {[%emt 0:00:11]} c6 {[%emt 0:00:07]} 8. Qc2 {[%emt 0:00:08]} Nh5 {[%emt 0:00:40]} 9. Bxe7 {[%emt 0:00:05]} Qxe7 {[%emt 0:00:02]} 10. Nge2 {[%emt 0:00:04]} Nhf6 {[%emt 0:00:05]} 11. O-O {[%emt 0:00:12]} O-O {[%emt 0:03:16]} 12. Ng3 {[%emt 0:00:15]} Re8 {[%emt 0:00:09]} 13. Rae1 {[%emt 0:00:24]} Nf8 {[%emt 0:00:03]} 14. f3 {[%emt 0:00:04]} Be6 {[%emt 0:01:07]} 15. e4 {[%emt 0:00:55]} dxe4 {[%emt 0:00:02]} 16. fxe4 {[%emt 0:00:02]} Qb4 {[%emt 0:00:10]} 17. Rxf6 {[%emt 0:03:26]} gxf6 {[%emt 0:00:03]} 18. Qf2 {[%emt 0:00:03]} Red8 {[%emt 0:02:03]} 19. d5 {[%emt 0:00:58]} cxd5 {[%emt 0:03:04]} 20. exd5 {[%emt 0:00:02]} Bxd5 {[%emt 0:01:12]} 21. Nh5 {[%emt 0:00:31]} Be6 {[%emt 0:00:07]} 22. Nxf6+ {[%emt 0:02:52]} Kh8 {[%emt 0:00:01]} 23. Re3 {[%emt 0:00:26]} Qd4 {[%emt 0:02:54]} 24. h4 {[%emt 0:00:43]} Ng6 {[%emt 0:01:26]} 25. Bxg6 {[%emt 0:00:33]} hxg6 {[%emt 0:00:10]} 26. Nfe4 {[%emt 0:03:16]} Bf5 {[%emt 0:00:24]} 27. Ng5 {[%emt 0:01:48]} Kg7 {[%emt 0:00:04]} 28. Nf3 {[%emt 0:00:23]} Qc5 {[%emt 0:00:31]} 29. Na4 {[%emt 0:01:00]} Qc1+ {[%emt 0:00:25]} 30. Kh2 {[%emt 0:00:02]} Rd1 {[%emt 0:00:07]} 31. Nc3 {[%emt 0:00:10]} Rh1+ {[%emt 0:00:10]} 32. Kg3 {[%emt 0:00:01]} Rd8 {[%emt 0:00:40]} 33. Re7 {[%emt 0:00:22]} Qf1 {[%emt 0:00:48]} 34. Qc5 {[%emt 0:00:03]} Qa6 {[%emt 0:00:04]} 35. Nd4 {[%emt 0:00:08]} Qd6+ {[%emt 0:00:03]} 36. Qxd6 {[%emt 0:00:01]} Rxd6 {[%emt 0:00:01]} 37. Nxf5+ {[%emt 0:00:04]} gxf5 {[%emt 0:00:01]} 38. Rxb7 {[%emt 0:00:03]} Rb6 {[%emt 0:00:02]} 39. Rxa7 {[%emt 0:00:03]} Rxb2 {[%emt 0:00:01]} 40. Nd5 {[%emt 0:00:04]} Rg1 {[%emt 0:00:04]} 41. Ne3 {[%emt 0:00:13]} Rb5 {[%emt 0:00:21]} 42. Kf4 {[%emt 0:00:20]} Kg6 {[%emt 0:00:21]} 43. h5+ {[%emt 0:00:08]} Kxh5 {[%emt 0:00:18]} 44. Rxf7 {[%emt 0:00:03]} Kg6 {[%emt 0:00:05]} 45. Ra7 {[%emt 0:00:03]} Rb4+ {[%emt 0:00:01]} 46. Kf3 {[%emt 0:00:03]} Rc1 {[%emt 0:00:15]} 47. Nd5 {[%emt 0:00:11]} Rb2 {[%emt 0:00:27]} 48. Nf4+ {[%emt 0:00:07]} Kg5 {[%emt 0:00:15]} 49. Nh3+ {[%emt 0:00:36]} Kf6 {[%emt 0:00:01]} 50. Ra6+ {[%emt 0:00:02]} Ke7 {[%emt 0:00:07]} 51. Ra3 {[%emt 0:00:32]} Rf1+ {[%emt 0:00:09]} 52. Kg3 {[%emt 0:00:05]} Rb4 {[%emt 0:00:07]} 53. Nf4 {[%emt 0:00:03]} Rfxf4 {[%emt 0:00:04]} 0-1

[Event "EIRCC 2019"]
[Site "Tallinn"]
[Date "2019.12.05"]
[Round "3.32"]
[White "Pogan, Nikolas"]
[Black "Usmanov, Vasily"]
[Result "0-1"]
[WhiteElo "2232"]
[BlackElo "2428"]
[Annotator "NA"]
[PlyCount "89"]
[EventDate "2019.12.05"]
[EventType "swiss"]
[EventCountry "EST"]
[SourceTitle "playchess.com"]
[Source "ChessBase"]
[SourceQuality "1"]
[TimeControl "900+10"]

1. Nf3 {[%emt 0:00:00]} d5 {[%emt 0:00:00]} 2. g3 {[%emt 0:00:08]} c6 {[%emt 0:00:00]} 3. Bg2 {[%emt 0:00:01]} Bf5 {[%emt 0:00:00]} 4. O-O {[%emt 0:00:02]} h6 {[%emt 0:00:00]} 5. d3 {[%emt 0:00:03]} e6 {[%emt 0:00:01]} 6. b3 {[%emt 0:00:06]} Be7 {[%emt 0:00:49]} 7. Bb2 {[%emt 0:00:03]} Bf6 {[%emt 0:00:10]} 8. Bxf6 {[%emt 0:00:01]} Nxf6 {[%emt 0:00:05]} 9. c3 {[%emt 0:00:01]} Nbd7 {[%emt 0:00:07]} 10. Nfd2 {[%emt 0:00:06]} e5 {[%emt 0:00:50]} 11. d4 {[%emt 0:00:11]} O-O {[%emt 0:01:25]} 12. Re1 {[%emt 0:01:30]} Re8 {[%emt 0:01:41]} 13. e3 {[%emt 0:00:09]} a5 {[%emt 0:01:11]} 14. c4 {[%emt 0:00:24]} exd4 {[%emt 0:00:31]} 15. exd4 {[%emt 0:00:02]} Rxe1+ {[%emt 0:00:29]} 16. Qxe1 {[%emt 0:00:03]} Qb6 {[%emt 0:00:06]} 17. c5 {[%emt 0:02:34]} Qb4 {[%emt 0:00:20]} 18. Nf3 {[%emt 0:00:03]} Re8 {[%emt 0:06:07]} 19. Qc1 {[%emt 0:02:27]} Ne4 {[%emt 0:01:13]} 20. Qb2 {[%emt 0:01:01]} Ng5 {[%emt 0:00:18]} 21. Nbd2 {[%emt 0:05:55]} Re2 {[%emt 0:00:02]} 22. Rd1 {[%emt 0:00:47]} Nh3+ {[%emt 0:00:17]} 23. Bxh3 {[%emt 0:00:24]} Bxh3 {[%emt 0:00:02]} 24. a3 {[%emt 0:00:25]} Qb5 {[%emt 0:00:05]} 25. Qc3 {[%emt 0:00:09]} Nf6 {[%emt 0:00:14]} 26. a4 {[%emt 0:00:19]} Qa6 {[%emt 0:00:07]} 27. Ne5 {[%emt 0:00:39]} g5 {[%emt 0:02:30]} 28. Qd3 {[%emt 0:01:16]} Qxd3 {[%emt 0:00:16]} 29. Nxd3 {[%emt 0:00:02]} Ne4 {[%emt 0:00:28]} 30. Nxe4 {[%emt 0:00:49]} dxe4 {[%emt 0:00:05]} 31. Ne5 {[%emt 0:00:03]} Rb2 {[%emt 0:00:21]} 32. Nc4 {[%emt 0:00:04]} Rxb3 33. Nxa5 {[%emt 0:00:06]} Rb4 {[%emt 0:00:03]} 34. Ra1 {[%emt 0:00:35]} Kf8 {[%emt 0:00:10]} 35. d5 {[%emt 0:00:06]} cxd5 {[%emt 0:00:06]} 36. c6 {[%emt 0:00:01]} b6 {[%emt 0:00:29]} 37. Nb7 {[%emt 0:00:18]} Rc4 {[%emt 0:00:09]} 38. a5 {[%emt 0:00:01]} bxa5 {[%emt 0:00:04]} 39. Nxa5 {[%emt 0:00:01]} Rc5 {[%emt 0:00:07]} 40. f3 {[%emt 0:00:21]} e3 {[%emt 0:00:07]} 41. g4 {[%emt 0:00:00]} h5 {[%emt 0:00:17]} 42. gxh5 {[%emt 0:00:05]} f5 {[%emt 0:00:07]} 43. h6 {[%emt 0:00:12]} f4 {[%emt 0:00:03]} 44. Rb1 {[%emt 0:00:22]} Rxa5 {[%emt 0:00:07]} 45. c7 {[%emt 0:00:19]} 0-1

[Event "EIRCC 2019"]
[Site "Tallinn"]
[Date "2019.12.05"]
[Round "3.33"]
[White "Shapiro, Viktor"]
[Black "Pohjala, Henri"]
[Result "1/2-1/2"]
[WhiteElo "2231"]
[BlackElo "2418"]
[Annotator "NA"]
[PlyCount "95"]
[EventDate "2019.12.05"]
[EventType "swiss"]
[EventCountry "EST"]
[SourceTitle "playchess.com"]
[Source "ChessBase"]
[SourceQuality "1"]
[TimeControl "900+10"]

1. Nf3 {[%emt 0:00:00]} d5 {[%emt 0:00:00]} 2. g3 {[%emt 0:00:01]} Nf6 {[%emt 0:00:00]} 3. Bg2 {[%emt 0:00:01]} c6 {[%emt 0:00:00]} 4. d3 {[%emt 0:00:01]} Bg4 {[%emt 0:00:13]} 5. Nbd2 {[%emt 0:00:03]} Nbd7 {[%emt 0:00:06]} 6. c4 {[%emt 0:00:07]} e6 {[%emt 0:00:05]} 7. a3 {[%emt 0:00:03]} a5 {[%emt 0:00:13]} 8. b3 {[%emt 0:00:02]} Bd6 {[%emt 0:00:08]} 9. Bb2 {[%emt 0:00:02]} Qe7 {[%emt 0:00:16]} 10. O-O {[%emt 0:00:07]} O-O {[%emt 0:00:05]} 11. Qc2 {[%emt 0:00:36]} Rfe8 {[%emt 0:00:07]} 12. e4 {[%emt 0:00:17]} dxe4 {[%emt 0:00:19]} 13. dxe4 {[%emt 0:00:01]} Bxf3 {[%emt 0:01:30]} 14. Nxf3 {[%emt 0:00:07]} e5 {[%emt 0:00:03]} 15. Nh4 {[%emt 0:00:37]} g6 {[%emt 0:00:07]} 16. Rfd1 {[%emt 0:00:32]} Rad8 {[%emt 0:03:19]} 17. Bc3 {[%emt 0:00:07]} Bxa3 {[%emt 0:02:19]} 18. Bxa5 {[%emt 0:00:02]} Ra8 {[%emt 0:00:02]} 19. Bc3 {[%emt 0:00:44]} Bb4 {[%emt 0:00:13]} 20. Qd2 {[%emt 0:00:34]} Rxa1 {[%emt 0:00:18]} 21. Rxa1 {[%emt 0:00:01]} Bxc3 {[%emt 0:00:02]} 22. Qxc3 {[%emt 0:00:01]} Nc5 {[%emt 0:00:02]} 23. Re1 {[%emt 0:01:18]} Qd6 {[%emt 0:01:42]} 24. b4 {[%emt 0:00:09]} Ne6 {[%emt 0:00:35]} 25. Nf3 {[%emt 0:00:49]} c5 {[%emt 0:02:06]} 26. Qxe5 {[%emt 0:02:03]} Qxe5 {[%emt 0:00:09]} 27. Nxe5 {[%emt 0:00:01]} cxb4 {[%emt 0:00:38]} 28. Nd3 {[%emt 0:00:09]} b3 {[%emt 0:00:09]} 29. e5 {[%emt 0:00:05]} Nd7 {[%emt 0:00:07]} 30. Bxb7 {[%emt 0:02:01]} Nec5 {[%emt 0:01:11]} 31. Nxc5 {[%emt 0:00:04]} Nxc5 {[%emt 0:00:03]} 32. Bd5 {[%emt 0:00:04]} b2 {[%emt 0:00:57]} 33. Rb1 {[%emt 0:01:02]} Rb8 {[%emt 0:00:35]} 34. Bc6 {[%emt 0:00:10]} Rb3 {[%emt 0:01:14]} 35. Kf1 {[%emt 0:00:55]} Nd3 {[%emt 0:00:43]} 36. Ke2 {[%emt 0:00:36]} Ra3 {[%emt 0:00:44]} 37. Be4 {[%emt 0:00:31]} Nxe5 {[%emt 0:00:07]} 38. Rxb2 {[%emt 0:00:04]} Nxc4 {[%emt 0:00:11]} 39. Rc2 {[%emt 0:00:30]} Nd6 {[%emt 0:00:27]} 40. Bd3 {[%emt 0:00:01]} Ra7 {[%emt 0:00:03]} 41. Rc6 {[%emt 0:00:16]} Re7+ {[%emt 0:00:13]} 42. Kf3 {[%emt 0:00:04]} Ne8 {[%emt 0:00:06]} 43. Bc4 {[%emt 0:00:06]} Kg7 {[%emt 0:00:07]} 44. h4 {[%emt 0:00:14]} Nf6 {[%emt 0:00:10]} 45. g4 {[%emt 0:00:15]} Nd7 {[%emt 0:00:03]} 46. Kg3 {[%emt 0:00:35]} Ne5 {[%emt 0:00:07]} 47. Rc8 {[%emt 0:00:01]} Nxc4 {[%emt 0:00:06]} 48. Rxc4 1/2-1/2

[Event "EIRCC 2019"]
[Site "Tallinn"]
[Date "2019.12.05"]
[Round "3.34"]
[White "Studer, Noel"]
[Black "Schnabel, Ralf"]
[Result "0-1"]
[WhiteElo "2405"]
[BlackElo "2220"]
[Annotator "NA"]
[PlyCount "107"]
[EventDate "2019.12.05"]
[EventType "swiss"]
[EventCountry "EST"]
[SourceTitle "playchess.com"]
[Source "ChessBase"]
[SourceQuality "1"]
[TimeControl "900+10"]

1. d4 {[%emt 0:00:00]} f5 {[%emt 0:02:01]} 2. c4 {[%emt 0:00:00]} Nf6 {[%emt 0:00:03]} 3. g3 {[%emt 0:00:02]} g6 {[%emt 0:00:02]} 4. Bg2 {[%emt 0:00:01]} Bg7 {[%emt 0:00:02]} 5. Nf3 {[%emt 0:00:01]} d6 {[%emt 0:00:02]} 6. O-O {[%emt 0:00:02]} O-O {[%emt 0:00:02]} 7. Nc3 {[%emt 0:00:01]} c6 {[%emt 0:00:01]} 8. Re1 {[%emt 0:00:03]} Ne4 {[%emt 0:00:01]} 9. Qc2 {[%emt 0:00:01]} Nxc3 {[%emt 0:00:03]} 10. bxc3 {[%emt 0:00:01]} e5 {[%emt 0:00:07]} 11. dxe5 {[%emt 0:00:16]} dxe5 {[%emt 0:00:02]} 12. Ba3 {[%emt 0:00:01]} Re8 {[%emt 0:00:12]} 13. Rad1 {[%emt 0:00:01]} Nd7 {[%emt 0:01:40]} 14. e4 {[%emt 0:00:21]} f4 {[%emt 0:00:15]} 15. Bh3 {[%emt 0:04:11]} fxg3 {[%emt 0:00:07]} 16. hxg3 {[%emt 0:00:24]} Qf6 {[%emt 0:01:03]} 17. Re3 {[%emt 0:02:23]} Nf8 {[%emt 0:02:24]} 18. Bxc8 {[%emt 0:01:31]} Raxc8 {[%emt 0:00:02]} 19. Bd6 {[%emt 0:00:04]} Rcd8 {[%emt 0:01:26]} 20. c5 {[%emt 0:00:45]} Rd7 {[%emt 0:00:08]} 21. Red3 {[%emt 0:00:27]} Rf7 {[%emt 0:00:21]} 22. R1d2 {[%emt 0:01:13]} g5 {[%emt 0:01:01]} 23. Nh2 {[%emt 0:01:36]} h5 {[%emt 0:00:03]} 24. Rf3 {[%emt 0:00:00]} Qe6 {[%emt 0:00:05]} 25. Rf5 {[%emt 0:01:28]} Rxf5 26. exf5 Qf7 {[%emt 0:01:23]} 27. Nf3 {[%emt 0:00:56]} Bf6 {[%emt 0:00:02]} 28. Qe4 {[%emt 0:00:09]} Nd7 {[%emt 0:00:41]} 29. Rb2 {[%emt 0:00:18]} g4 {[%emt 0:00:53]} 30. Ne1 {[%emt 0:00:06]} b6 {[%emt 0:00:38]} 31. Qxc6 {[%emt 0:02:18]} e4 {[%emt 0:00:02]} 32. cxb6 {[%emt 0:00:15]} Nxb6 {[%emt 0:00:08]} 33. Re2 {[%emt 0:00:22]} Nd5 {[%emt 0:01:18]} 34. Bb4 {[%emt 0:00:07]} e3 {[%emt 0:01:34]} 35. fxe3 {[%emt 0:00:29]} Rxe3 {[%emt 0:00:10]} 36. Rxe3 {[%emt 0:00:14]} Nxe3 {[%emt 0:00:01]} 37. Nd3 {[%emt 0:00:21]} Kh7 {[%emt 0:01:28]} 38. Nf4 {[%emt 0:00:11]} Nxf5 {[%emt 0:00:14]} 39. Qe4 {[%emt 0:00:14]} Bg5 {[%emt 0:00:34]} 40. Ne6 {[%emt 0:00:13]} Kg6 {[%emt 0:00:41]} 41. Bc5 {[%emt 0:00:12]} a6 {[%emt 0:00:13]} 42. Kg2 {[%emt 0:00:25]} Kh6 {[%emt 0:00:20]} 43. Bf8+ {[%emt 0:00:04]} Kg6 {[%emt 0:00:03]} 44. Bc5 {[%emt 0:00:03]} Kh6 {[%emt 0:00:01]} 45. Qc6 {[%emt 0:00:10]} Qg6 {[%emt 0:00:36]} 46. Bf8+ {[%emt 0:00:07]} Kh7 {[%emt 0:00:01]} 47. Qd7+ {[%emt 0:00:23]} Kg8 {[%emt 0:00:02]} 48. Bc5 {[%emt 0:00:08]} Ne3+ {[%emt 0:00:23]} 49. Bxe3 {[%emt 0:00:01]} Bxe3 {[%emt 0:00:01]} 50. Qc8+ {[%emt 0:00:12]} Kf7 {[%emt 0:00:07]} 51. Nd8+ {[%emt 0:00:10]} Ke7 {[%emt 0:00:14]} 52. Nc6+ {[%emt 0:00:26]} Kd6 {[%emt 0:00:01]} 53. Qd8+ Kxc6 54. Qc8+ 0-1

[Event "EIRCC 2019"]
[Site "Tallinn"]
[Date "2019.12.05"]
[Round "3.35"]
[White "Bossy, Arnim"]
[Black "Van Foreest, Lucas"]
[Result "0-1"]
[WhiteElo "2108"]
[BlackElo "2399"]
[Annotator "NA"]
[PlyCount "58"]
[EventDate "2019.12.05"]
[EventType "swiss"]
[EventCountry "EST"]
[SourceTitle "playchess.com"]
[Source "ChessBase"]
[SourceQuality "1"]
[TimeControl "900+10"]

1. d4 {[%emt 0:00:00]} Nf6 {[%emt 0:01:08]} 2. Bf4 {[%emt 0:00:00]} d5 {[%emt 0:00:04]} 3. e3 {[%emt 0:00:00]} e6 {[%emt 0:00:05]} 4. Nd2 {[%emt 0:00:01]} c5 {[%emt 0:00:01]} 5. c3 {[%emt 0:00:01]} Nc6 {[%emt 0:00:01]} 6. Ngf3 {[%emt 0:00:01]} Nh5 {[%emt 0:00:00]} 7. Be5 {[%emt 0:00:41]} f6 {[%emt 0:00:08]} 8. Bg3 {[%emt 0:00:25]} cxd4 {[%emt 0:01:30]} 9. exd4 {[%emt 0:00:07]} Be7 {[%emt 0:00:36]} 10. Bd3 {[%emt 0:00:23]} g6 {[%emt 0:00:30]} 11. Qc2 {[%emt 0:01:27]} O-O {[%emt 0:00:07]} 12. O-O-O {[%emt 0:01:14]} Bd7 {[%emt 0:00:11]} 13. Nf1 {[%emt 0:02:42]} Nb4 {[%emt 0:00:06]} 14. Qb1 {[%emt 0:00:14]} Rc8 {[%emt 0:00:21]} 15. Ne3 {[%emt 0:01:05]} Qa5 {[%emt 0:00:10]} 16. a3 {[%emt 0:00:20]} Nxd3+ {[%emt 0:00:18]} 17. Rxd3 {[%emt 0:00:07]} Bb5 {[%emt 0:00:21]} 18. Rd2 {[%emt 0:00:37]} Ba4 {[%emt 0:00:41]} 19. Nc2 {[%emt 0:01:23]} Rc6 {[%emt 0:00:54]} 20. Nb4 {[%emt 0:00:19]} Bxb4 {[%emt 0:00:03]} 21. axb4 {[%emt 0:00:17]} Qxb4 {[%emt 0:00:03]} 22. Rd3 {[%emt 0:00:12]} Rfc8 {[%emt 0:00:37]} 23. Kd2 {[%emt 0:00:13]} Qb3 {[%emt 0:00:32]} 24. Rc1 {[%emt 0:00:12]} Ng7 {[%emt 0:00:19]} 25. Ke1 {[%emt 0:00:23]} Bb5 {[%emt 0:00:13]} 26. Rd2 {[%emt 0:00:07]} Qc4 {[%emt 0:00:02]} 27. Kd1 {[%emt 0:01:32]} Qf1+ {[%emt 0:00:02]} 28. Ne1 {[%emt 0:00:09]} Nf5 {[%emt 0:00:02]} 29. Qa2 {[%emt 0:00:44]} Nxd4 {[%emt 0:00:04]} 0-1

[Event "EIRCC 2019"]
[Site "Tallinn"]
[Date "2019.12.05"]
[Round "3.36"]
[White "Papasimakopoulos, Alexandros"]
[Black "Varvadoukas, Theodoros"]
[Result "1-0"]
[WhiteElo "2399"]
[BlackElo "2146"]
[Annotator "NA"]
[PlyCount "91"]
[EventDate "2019.12.05"]
[EventType "swiss"]
[EventCountry "EST"]
[SourceTitle "playchess.com"]
[Source "ChessBase"]
[SourceQuality "1"]
[TimeControl "900+10"]

1. d4 {[%emt 0:00:00]} Nf6 {[%emt 0:00:10]} 2. c4 {[%emt 0:00:00]} c5 {[%emt 0:00:01]} 3. Nf3 {[%emt 0:00:06]} g6 {[%emt 0:00:02]} 4. Nc3 {[%emt 0:00:02]} Bg7 {[%emt 0:00:01]} 5. d5 {[%emt 0:00:02]} d6 {[%emt 0:00:03]} 6. h3 {[%emt 0:00:02]} O-O {[%emt 0:00:07]} 7. e4 {[%emt 0:00:02]} e5 {[%emt 0:00:07]} 8. dxe6 {[%emt 0:01:30]} Bxe6 {[%emt 0:00:03]} 9. Be2 {[%emt 0:00:11]} Nc6 {[%emt 0:00:04]} 10. O-O {[%emt 0:00:11]} Re8 {[%emt 0:00:08]} 11. Bf4 {[%emt 0:00:18]} Qb6 {[%emt 0:00:29]} 12. Qd2 {[%emt 0:00:02]} Nd4 {[%emt 0:00:28]} 13. Rac1 {[%emt 0:02:27]} Nxf3+ {[%emt 0:01:14]} 14. Bxf3 {[%emt 0:00:08]} Bxc4 {[%emt 0:00:02]} 15. Rfd1 {[%emt 0:00:01]} Rad8 {[%emt 0:00:14]} 16. Na4 {[%emt 0:00:33]} Qa6 {[%emt 0:00:02]} 17. Nxc5 {[%emt 0:00:20]} dxc5 {[%emt 0:04:46]} 18. Qxd8 {[%emt 0:00:02]} Rxd8 {[%emt 0:00:02]} 19. Rxd8+ {[%emt 0:00:03]} Bf8 {[%emt 0:00:00]} 20. Bh6 {[%emt 0:00:09]} Nd7 {[%emt 0:00:02]} 21. Rd1 {[%emt 0:00:12]} g5 {[%emt 0:00:12]} 22. Bxg5 {[%emt 0:00:29]} Ne5 {[%emt 0:01:15]} 23. Be7 {[%emt 0:00:59]} Ng6 {[%emt 0:00:40]} 24. Rxf8+ {[%emt 0:02:38]} Nxf8 {[%emt 0:00:26]} 25. Rd8 {[%emt 0:00:01]} Be2 {[%emt 0:05:57]} 26. Bxf8 {[%emt 0:00:17]} f6 {[%emt 0:00:02]} 27. Bxc5+ {[%emt 0:00:12]} Kf7 {[%emt 0:00:00]} 28. Rd7+ {[%emt 0:00:17]} Ke8 {[%emt 0:01:32]} 29. Re7+ {[%emt 0:00:50]} Kd8 {[%emt 0:00:01]} 30. Rxh7 {[%emt 0:00:03]} Bxf3 {[%emt 0:00:05]} 31. gxf3 {[%emt 0:00:01]} b6 {[%emt 0:01:33]} 32. Be7+ {[%emt 0:00:09]} Ke8 {[%emt 0:00:02]} 33. Bxf6 {[%emt 0:00:02]} Qxa2 {[%emt 0:00:01]} 34. Bc3 {[%emt 0:00:32]} b5 {[%emt 0:00:07]} 35. Rb7 {[%emt 0:00:26]} a6 {[%emt 0:00:13]} 36. Kg2 {[%emt 0:00:48]} Qg8+ {[%emt 0:00:05]} 37. Kh2 {[%emt 0:00:16]} Qg5 {[%emt 0:00:20]} 38. Rg7 {[%emt 0:00:10]} Qc5 {[%emt 0:00:02]} 39. Kg2 {[%emt 0:00:23]} b4 {[%emt 0:00:01]} 40. Bf6 {[%emt 0:00:04]} a5 {[%emt 0:00:18]} 41. e5 {[%emt 0:00:06]} Qd5 {[%emt 0:00:03]} 42. h4 {[%emt 0:00:34]} Kf8 {[%emt 0:00:32]} 43. h5 {[%emt 0:00:18]} Qd2 {[%emt 0:00:07]} 44. e6 {[%emt 0:01:46]} Qd5 {[%emt 0:00:01]} 45. e7+ {[%emt 0:00:18]} Ke8 {[%emt 0:00:01]} 46. h6 {[%emt 0:00:07]} 1-0

[Event "EIRCC 2019"]
[Site "Tallinn"]
[Date "2019.12.05"]
[Round "4.1"]
[White "Sargissian, Gabriel"]
[Black "Thorfinnsson, Bragi"]
[Result "1-0"]
[WhiteElo "2715"]
[BlackElo "2457"]
[Annotator "TA"]
[PlyCount "83"]
[EventDate "2019.12.05"]
[EventType "swiss"]
[EventCountry "EST"]
[SourceTitle "playchess.com"]
[Source "ChessBase"]
[SourceQuality "1"]

{[%evp 18,83,39,24,39,23,34,40,70,29,62,27,52,20,31,28,47,13,24,1,13,-48,27,32,40,33,287,-21,134,66,77,70,60,70,34,46,133,131,114,111,188,172,285,262,483,477,493,497,540,483,481,477,646,794,721,740,807,764,1233,1227,1216,1220,1165,1162,1480,1196,1588,1561]} 1. d4 Nf6 2. c4 g6 3. Nc3 c5 4. d5 Bg7 5. e4 d6 6. Bd3 O-O 7. Nge2 e6 8. O-O Na6 9. Ng3 exd5 10. cxd5 Nc7 {A65: Modern Benoni: 6 e4} 11. Bg5 (11. a4 Rb8 12. h3 b6 13. Nb5 Rb7 14. Bf4 Nfe8 15. Qd2 a6 16. Nxc7 Nxc7 17. Bh6 Bxh6 18. Qxh6 Qf6 19. Qd2 {½-½ (64) Hoffmann,M (2447)-Schramm,C (2401) Bilbao 2014}) 11... h6 12. Bf4 a6 $146 {White is slightly better.} ({Predecessor:} 12... Rb8 13. Qd2 Ng4 14. f3 Bd4+ 15. Kh1 Nxh2 16. Nge2 Nxf1 17. Rxf1 Bg7 18. g3 f5 19. Bxh6 Bxh6 20. Qxh6 Rf7 21. Kg2 Qf6 22. Rh1 Qg7 23. Qg5 Qf6 24. Qh6 fxe4 25. Bxe4 {½-½ (25) Alanen,P-Miettinen,K Finland 1981}) 13. a4 Rb8 14. Qc1 Kh7 15. a5 b5 16. axb6 Rxb6 17. Re1 (17. h3 {is interesting.} Nb5 18. Nb1 Nd7 19. Nd2 g5 20. Be3) 17... Nb5 18. Nxb5 axb5 19. b4 (19. Bd2 $11) 19... c4 (19... Nd7 $15) 20. Bc2 $11 Nd7 21. Ra3 Qc7 $2 {[%mdl 8192] [#]} (21... Ne5 $14) 22. h4 $2 (22. Nf5 $1 $18 {[%cal Rf4h6]} Rh8 23. Bxh6) 22... c3 $2 {[#]} (22... Ne5 $11) 23. Ne2 (23. e5 $1 $16 {[%mdl 512]} Nxe5 (23... dxe5 24. Be3) 24. Nh5) 23... Ra6 24. Bd3 Rxa3 25. Qxa3 Ne5 $1 {[%cal Re5d3]} 26. Bxb5 Nc4 ({Black should try} 26... Ng4 $1 $14 27. Qa5 Qe7) 27. Qb3 Nd2 28. Qc2 Nc4 (28... f5 $16) 29. Bc6 $18 Bd7 (29... Qd8 $142 30. Nxc3 Qxh4) 30. b5 {[%cal Bb4b5,Bb5c6][%mdl 32]} ({Don't play} 30. Nxc3 $6 Bxc6 31. dxc6 Qxc6 $18) 30... Bxc6 $2 (30... Bg4 {was worth a try.} 31. Nxc3 Rb8) 31. bxc6 {White is clearly winning.} ({Weaker is} 31. dxc6 Qb6 $18) 31... Qa5 32. Rc1 Na3 33. Qd3 Nb5 34. Rb1 Na3 35. Rb7 c2 36. Bd2 Qc5 {[#]} 37. h5 $1 {[%mdl 512]} Qc4 (37... gxh5 38. e5+) 38. hxg6+ Kxg6 39. Nf4+ Kh7 40. Qxa3 Qxe4 41. Qd3 Re8 42. c7 {Accuracy: White = 47%, Black = 20%.} 1-0

[Event "EIRCC 2019"]
[Site "Tallinn"]
[Date "2019.12.05"]
[Round "4.2"]
[White "Loginov, Valery A"]
[Black "Motylev, Alexander"]
[Result "0-1"]
[WhiteElo "2461"]
[BlackElo "2703"]
[Annotator "TA"]
[PlyCount "38"]
[EventDate "2019.12.05"]
[EventType "swiss"]
[EventCountry "EST"]
[SourceTitle "playchess.com"]
[Source "ChessBase"]
[SourceQuality "1"]

{[%evp 9,38,12,8,3,4,0,-3,-12,-6,-41,-37,-24,-20,-81,-35,-46,-49,-104,-102,-268,-266,-274,-260,-289,-290,-391,-389,-405,-397,-560,-549]} 1. Nf3 d5 2. g3 c6 3. Bg2 Bg4 4. c4 e6 5. cxd5 Bxf3 6. Bxf3 {[#] dxe6 is the strong threat. A11: English Opening: 1...c6} cxd5 7. Qb3 (7. O-O Nc6 8. Nc3 Nf6 9. d4 Be7 10. e3 O-O 11. Bd2 Qd7 12. Qe2 Rfc8 13. Rfd1 Bf8 14. Rac1 a6 15. Qd3 Ne7 16. b3 Nc6 17. Na4 {½-½ (46) Artemiev,V (2754)-Motylev,A (2650) Sochi 2019}) 7... Qd7 8. d3 {The position is equal.} Nc6 9. Be3 $146 ({Predecessor:} 9. e3 Nf6 10. O-O Be7 11. Nc3 O-O 12. Bd2 {½-½ (43) Rueger,E (2126)-Engelmann,J (2182) Germany 2014}) 9... Bb4+ 10. Kf1 Nge7 11. a3 (11. Bd2 $11 Bxd2 12. Nxd2) 11... Ba5 12. Qa4 O-O 13. Nd2 (13. Kg2 $15) 13... Nf5 $17 14. Bc5 $2 (14. Bg5 $17) 14... Bxd2 $19 15. Bxf8 Rxf8 ({Don't do} 15... Kxf8 16. Kg2 $19) 16. Rd1 Bh6 17. b4 a6 18. Rb1 Nfd4 19. Bg2 {[#]} (19. Kg2 {keeps fighting.}) 19... Nxe2 $1 {[%mdl 512]} 0-1